[Event "Cote d'Ivoire Blitz 2019"]
[Site "Abidjan CIV"]
[Date "2019.05.12"]
[Round "13.5"]
[White "Karjakin, Sergey"]
[Black "So, Wesley"]
[Result "1/2-1/2"]
[WhiteTitle "GM"]
[BlackTitle "GM"]
[WhiteElo "2752"]
[BlackElo "2754"]
[WhiteFideId "14109603"]
[BlackFideId "5202213"]
[EventDate "2019.05.11"]

1. Nf3 d5 2. e3 Nf6 3. c4 e6 4. b3 Be7 5. Bb2 O-O 6. Nc3 c5 7. cxd5 Nxd5 8. h4
Nc6 9. Qb1 f5 10. Bb5 Bd7 11. h5 Nf6 12. h6 g6 13. O-O a6 14. Be2 Ng4 15. d4
cxd4 16. exd4 Nb4 17. d5 Bf6 18. dxe6 Bxe6 19. Na4 Rc8 20. Rd1 Qe7 21. Bxf6 Qxf6
22. a3 Nd5 23. Bc4 Nf4 24. Qb2 Bxc4 25. bxc4 Qxb2 26. Nxb2 Nxh6 27. Rd7 Rf7 28.
Rad1 Rc7 29. Rd8+ Rf8 30. Ng5 Nf7 31. Nxf7 Rxf7 32. g3 Ne6 33. Rxf8+ Kxf8 34.
Rd6 Ke7 35. Rb6 Nc5 36. Nd1 Rf6 37. Rb2 Rd6 38. Ne3 Kd7 39. Nd5 Nd3 40. Rxb7+
Kd8 41. Rxh7 Ne5 42. Ne3 Rc6 43. Rg7 Ke8 44. Kf1 Kf8 45. Ra7 Nxc4 46. Nxc4 Rxc4
47. Rxa6 Kg7 48. Kg2 Rc3 49. f4 Rc2+ 50. Kh3 Kh6 51. a4 Ra2 52. a5 Kg7 53. Ra8
Kh6 54. a6 Kg7 55. g4 fxg4+ 56. Kxg4 Ra3 57. Ra7+ Kf6 58. Ra8 Kf7 59. Kg5 Ra5+
60. Kh4 Kg7 61. Kg3 Ra3+ 62. Kf2 Kf7 63. Ke2 Kg7 64. Kd2 Ra4 65. Ke3 Kf7 66. Kd3
Kg7 67. Ke3 Kf7 68. Ra7+ Kf6 69. Kf3 Kf5 70. Ke3 Ra3+ 71. Kf2 Kxf4 1/2-1/2

[Event "Cote d'Ivoire Blitz 2019"]
[Site "Abidjan CIV"]
[Date "2019.05.12"]
[Round "16.5"]
[White "Amin, Bassem"]
[Black "Karjakin, Sergey"]
[Result "0-1"]
[WhiteTitle "GM"]
[BlackTitle "GM"]
[WhiteElo "2704"]
[BlackElo "2752"]
[WhiteFideId "10601457"]
[BlackFideId "14109603"]
[EventDate "2019.05.11"]

1. Nf3 c5 2. e4 d6 3. Bb5+ Nd7 4. O-O Nf6 5. Re1 a6 6. Bf1 b6 7. c4 e5 8. Nc3
Be7 9. d3 O-O 10. a3 Nb8 11. b4 Nc6 12. Rb1 h6 13. bxc5 bxc5 14. Nd5 Bg4 15. Be2
Bxf3 16. Bxf3 Nxd5 17. cxd5 Nd4 18. Bb2 g6 19. Bxd4 cxd4 20. Rb7 Bg5 21. Qa4 h5
22. g3 Qf6 23. Kg2 Rfc8 24. h4 Bc1 25. Rb6 Rc3 26. Rxa6 Rxa6 27. Qxa6 Bxa3 28.
Rb1 Kh7 29. Rb8 Bc1 30. Qb5 Be3 31. Qb2 Rxd3 32. fxe3 dxe3 33. Qe2 Rd2 34. Rb2
Rxe2+ 35. Rxe2 Qd8 36. Rxe3 Qa5 37. Re2 Qc3 38. Rf2 Qd3 39. Kh2 Qe3 40. Kg2 Kh6
41. Re2 Qd3 42. Rf2 f5 43. Re2 Kg7 44. Kf2 Kf6 45. Re1 f4 46. Re2 fxg3+ 47. Kxg3
g5 48. hxg5+ Kxg5 49. Rh2 h4+ 50. Rxh4 Qxf3+ 51. Kxf3 Kxh4 52. Kf2 Kg4 53. Ke3
Kg3 54. Kd2 Kf4 55. Kd3 Kf3 56. Kc3 Kxe4 57. Kc4 Kf4 58. Kb5 e4 59. Kc6 Ke5 0-1